Thiết bị trong công nghiệp may

Saved in:
Bibliographic Details
Format: Book
Language:Vietnamese
Published: Khoa học Kỹ Thuật 2001
Subjects:
Tags: Add Tag
No Tags, Be the first to tag this record!
Institutions: Mạng thư viện Đại học Đà Nẵng
LEADER 01016nam a2200301 a 4500
001 000003385
003 02045
005 20171229145311.0
008 171229s2001 vie
040 |a LSK 
041 0 |a VIE 
082 0 |a 687.0284  |b NG-H 
245 0 0 |a Thiết bị trong công nghiệp may  |c Nguyễn Trọng Hùng, Nguyễn Phương Hoa 
260 |b Khoa học Kỹ Thuật  |c 2001 
300 |a 248 pages  |c 27 cm. 
653 |a Công nghiệp may - Thiết bị 
852 |a Phòng Đọc - Phòng Mượn 
901 |a 10 
927 |a Sách tham khảo 
OWN |a LSK 
AVA |a UDN50  |b LSK  |d 687.0284 NG-H  |e available  |t Error 5001 Not defined in file expand_doc_bib_avail.  |f 10  |g 0  |h N  |i 1  |k 1 
999 |a From the UDN01 
AVA |a UDN50  |b LSK  |d 687.0284 NG-H  |e available  |t Error 5001 Not defined in file expand_doc_bib_avail.  |f 10  |g 0  |h N  |i 1  |k 1 
TYP |a Monograph 
TYP |a Printed language 
980 |a Mạng thư viện Đại học Đà Nẵng